000 00543nam a2200205 a 4500
005 20140412111323.0
008 001108s19uu xx 00 eng d
020 _a0-307-00645-x
050 _aER
_bWi63ee 1991
050 _aER
_bPo78ee 1998
100 _aFerguson, Don
245 _aEeyore, be happy :
_bWinnie the pooh /
_cwritten by Don Ferguson.
260 _aNew York :
_bA Golden Book,
_c1991.
300 _a[23] p. ; ill.
650 _aFairy tales
650 _aFolklore
999 _c104447
_d104447